000 01984nam0a2200373 4500
001 RU\NLR\bibl\1473972
005 20260607073245.0
010 _a978-5-88648-659-3
_9300
021 _aRU
_b2009-103577
_96596
035 _a(NLR Aleph) 001465646
090 _a1611248
_c1611248
100 _a20100216d2009 |||y0rusy50 ca
101 0 _arus
102 _aRU
105 _aa |||||||||
200 1 _aРоман Дж.Д. Сэлинджера "Над пропастью во ржи" и его переводы на русский язык
_fДенис Иванович Петренко
_g[Ставропол. гос. ун-т]
210 _aСтаврополь
_cИзд-во Ставропольского государственного университета
_d2009
215 _a237 с.
_cил.
_d21
225 1 _aФилологическая книга СГУ
320 _aБиблиогр.: с. 221-237
500 1 0 _6z22702
_aНад пропастью во ржи
604 _1700#1$aСэлинджер$gДжером Дейвид$bД. Д.$f1919 - 2010
_150010$a"Над пропастью во ржи"$xПереводы на русский язык$2nlr_sh2$3RU\NLR\AUTH\661529000
_3RU\NLR\AUTH\661529000
_aСэлинджер, Джером Дейвид (1919 - 2010)
_t"Над пропастью во ржи"
_xПереводы на русский язык
_92586939
606 1 _aРусская советская литература
_xСвязи
_xАмериканская литература
_92459548
_3RU\NLR\auth\661461609
686 _aШ5(2=Р)7-318.3
686 _aШ5(7США)6-4Сэлинджер418.7
700 1 _aПетренко
_bД. И.
_gДенис Иванович
_4070
702 1 _4570
_7ca
_8rus
_aСэлинджер
_bД. Д.
_f1919-2010
_gДжером Дейвид
_9114694
_3RU\NLR\auth\774717
801 0 _aRU
_bNLR
_c20100216
_gRCR
801 1 _aRU
_bNLR
_c20100216
942 _cBOOK
980 _aNB
980 _aNBR